| 000 | 00469nam a2200145 a 4500 | ||
|---|---|---|---|
| 005 | 20140414132104.0 | ||
| 008 | 100823s19uu xx 00 eng d | ||
| 050 |
_aTR 378.1 _bC37 2008 |
||
| 100 | _aCarnevale, Linda | ||
| 245 |
_aBarron's ACT English, reading, and writing workbook / _cby Linda Carnevale. |
||
| 260 |
_aNew York : _bBarron, _c2008. |
||
| 650 |
_aACT Assessment _xStudy guides |
||
| 650 |
_aEnglish language _xExaminations _xStudy guides |
||
| 999 |
_c114557 _d114557 |
||